Kontrola kvality vizuálnym systémom

Saved in:
Bibliographic Details
Main Author: Stekla, Juraj (Author)
Other Authors: Haffner, Oto (Thesis advisor)
Format: Manuscript Book
Language:Slovak
Published: Bratislava : STU v Bratislave FEI, 2023
Subjects:
Online Access:https://opac.crzp.sk/?fn=detailBiblioFormChildMT4C6&sid=72C4190EA10FC8F71DD407D508EF&seo=CRZP-detail-kniha
Tags: Add Tag
No Tags, Be the first to tag this record!

MARC

LEADER 00000ntm a22000003a 4500
001 stuzp91904
003 SK-STU
005 20241205153032.9
007 ta
008 150427s2015----xo-----f-mn---000-0-slo-d
040 |a STU  |b slo 
041 0 |a slo 
044 |a xo 
100 1 |a Stekla, Juraj  |u 030400  |4 aut  |U FEI Fakulta elektrotechniky a informatiky  |T FEI Ústav automobilovej mechatroniky  |X 92213  |U E400  |Y 642  |7 92213 
242 0 1 |a Quality control using visual system  |y eng 
245 1 0 |a Kontrola kvality vizuálnym systémom 
260 |a Bratislava :  |b STU v Bratislave FEI,  |c 2023 
300 |a 84 s. 
650 4 |a kontrola kvality,  |2 slo 
650 4 |a vyzuálny systém,  |2 slo 
650 4 |a neurónová sieť,  |2 slo 
650 4 |a priemysel 4.0  |2 slo 
650 4 |a počítačové videnie  |2 slo 
650 4 |a visual system  |2 eng 
650 4 |a neural network  |2 eng 
650 4 |a industry 4.0  |2 eng 
650 4 |a quality check  |2 eng 
650 4 |a machine vision  |2 eng 
700 1 |a Haffner, Oto  |u 030400  |k Z1  |4 ths  |U FEI Fakulta elektrotechniky a informatiky  |T FEI Ústav automobilovej mechatroniky  |X 56107  |U E400  |Y 642  |7 A000056107 
856 4 |u https://opac.crzp.sk/?fn=detailBiblioFormChildMT4C6&sid=72C4190EA10FC8F71DD407D508EF&seo=CRZP-detail-kniha